Kunga za nathari ya kiswahili : (Record no. 16608)

MARC details
000 -LEADER
fixed length control field 00686nam a22001817a 4500
003 - CONTROL NUMBER IDENTIFIER
control field OSt
005 - DATE AND TIME OF LATEST TRANSACTION
control field 20171109152228.0
008 - FIXED-LENGTH DATA ELEMENTS--GENERAL INFORMATION
fixed length control field 171107b xxu||||| |||| 00| 0 eng d
020 ## - INTERNATIONAL STANDARD BOOK NUMBER
International Standard Book Number 9966468366
040 ## - CATALOGING SOURCE
Original cataloging agency KABU
Transcribing agency KABU
050 ## - LIBRARY OF CONGRESS CALL NUMBER
Classification number PL8703.5
Item number .M64 1995
100 ## - MAIN ENTRY--PERSONAL NAME
Personal name Mohamed, Said Ahmed
245 ## - TITLE STATEMENT
Title Kunga za nathari ya kiswahili :
Remainder of title tamthilia, riwaya na hadithi fupi /
Statement of responsibility, etc. Said A. Mohamed
260 ## - PUBLICATION, DISTRIBUTION, ETC. (IMPRINT)
Place of publication, distribution, etc. Nairobi
Name of publisher, distributor, etc. East African Educational Publishers
Date of publication, distribution, etc. 1995
300 ## - PHYSICAL DESCRIPTION
Extent 155 p.
650 ## - SUBJECT ADDED ENTRY--TOPICAL TERM
Topical term or geographic name as entry element Swahili literature
942 ## - ADDED ENTRY ELEMENTS (KOHA)
Source of classification or shelving scheme Library of Congress Classification
Koha item type General Collection
Classification part PL8703.5
Item part .M64 1995
Holdings
Withdrawn status Lost status Source of classification or shelving scheme Not for loan Home library Current library Shelving location Date acquired Cost, normal purchase price Inventory number Total Checkouts Total Renewals Full call number Barcode Date last seen Date last checked out Copy number Price effective from Koha item type
    Library of Congress Classification   Kabarak, Main Campus Kabarak, Main Campus General Stacks 07/11/2017 1441.00 2017/0362 2 1 PL8703.5 .M64 1995 C.1 027719 03/02/2023 24/01/2023 C.1 07/11/2017 General Collection
    Library of Congress Classification   Kabarak, Main Campus Kabarak, Main Campus General Stacks 07/11/2017 1441.00 2017/0363 2   PL8703.5 .M64 1995 C.2 027718 25/09/2025 11/09/2025 C.2 07/11/2017 General Collection
Designed with assistance from East African Informatics Ltd